[Event "Catalunya-ch U18"]
[Site "Tarrega"]
[Date "1995.??.??"]
[Round "?"]
[White "Moya, I."]
[Black "Bosch Porta, Cristina"]
[Result "1-0"]
[WhiteElo "1900"]
[BlackElo "2005"]
[PlyCount "53"]
[EventDate "1995.??.??"]
[EventType "swiss"]
[EventRounds "9"]
[EventCountry "ESP"]
[SourceTitle "EXT 2003"]
[Source "ChessBase"]
[SourceDate "2002.11.25"]
[SourceVersion "1"]
[SourceVersionDate "2002.11.25"]
[SourceQuality "1"]

1. e4 d6 2. d4 Nf6 3. Nc3 g6 4. f3 Bg7 5. Be3 0-0 6. Qd2 e5 7. dxe5 dxe5 8. Bc4 c6 9. a3 Qe7 10. Rd1 Nbd7 11. Nge2 Nb6 12. Bb3 Be6 13. 0-0 Nc4 14. Bxc4 Bxc4 15. Rfe1 Rad8 16. Qc1 b6 17. Ng3 h5 18. Bg5 Qc5+ 19. Kh1 Rxd1 20. Rxd1 Nh7 21. b4 Bh6 22. bxc5 Bxg5 23. Qb2 b5 24. a4 a6 25. axb5 axb5 26. Nf1 Ra8 27. Nxb5 1-0

[Event "Catalunya-ch U18"]
[Site "Tarrega"]
[Date "1995.??.??"]
[Round "?"]
[White "Moya, I."]
[Black "Folch Abad, Silvia"]
[Result "1-0"]
[WhiteElo "1900"]
[BlackElo "2040"]
[PlyCount "161"]
[EventDate "1995.??.??"]
[EventType "swiss"]
[EventRounds "9"]
[EventCountry "ESP"]
[SourceTitle "EXT 2003"]
[Source "ChessBase"]
[SourceDate "2002.11.25"]
[SourceVersion "1"]
[SourceVersionDate "2002.11.25"]
[SourceQuality "1"]

1. e4 c5 2. Nf3 Nc6 3. d4 cxd4 4. Nxd4 e5 5. Nb5 d6 6. N1c3 a6 7. Na3 Be6 8. Nd5 Bxd5 9. exd5 Nb8 10. Be3 Nd7 11. Be2 Be7 12. 0-0 Ngf6 13. c4 Rc8 14. Rc1 Qa5 15. Qb3 0-0 16. Rfd1 Rfd8 17. Bd2 Qc7 18. Qe3 Nf8 19. Nc2 Qd7 20. Ne1 b5 21. b3 Ng6 22. Bd3 Nf4 23. Qf3 Nxd3 24. Qxd3 bxc4 25. bxc4 Qg4 26. Qf3 Rxc4 27. Rxc4 Qxc4 28. Qb3 Qe2 29. Ba5 Ne4 30. Nd3 Qh5 31. Bxd8 Bxd8 32. Qa4 f5 33. Rc1 Kf8 34. Qd7 Qe8 35. Qxf5+ Nf6 36. Nb4 Kg8 37. Nc6 Bb6 38. Qe6+ Qxe6 39. dxe6 Kf8 40. Rb1 Bc7 41. Rb7 Ne8 42. Nb4 a5 43. Nd5 Bd8 44. e7+ Bxe7 45. Rxe7 Nf6 46. Re6 Nxd5 47. Rxd6 Nb4 48. a4 Ke7 49. Rb6 Kf7 50. Rb5 Nc6 51. Kf1 h6 52. Ke1 g5 53. g3 Ke6 54. Kd2 Nd4 55. Rb6+ Kd5 56. Kc3 Nc6 57. f3 Kc5 58. Rb7 Nd4 59. Rh7 Nxf3 60. Rxh6 e4 61. h4 Ne5 62. hxg5 e3 63. Rh2 Kd5 64. g6 Nxg6 65. Kd3 Ne5+ 66. Ke2 Kc4 67. Rh4+ Kb3 68. Kxe3 Nc4+ 69. Kd4 Nb2 70. g4 Nxa4 71. Rh3+ Kb2 72. g5 Nb6 73. g6 Nd7 74. g7 Nf6 75. Kc4 a4 76. Kb4 a3 77. Rxa3 Nd5+ 78. Ka4 Nb6+ 79. Kb5 Kxa3 80. g8Q Kb2 81. Kxb6 1-0